00282nam a2200109Ia 4500008004100000020001500041082001800056100001600074245003300090260003300123300001600156230613s9999||||xx |||||||||||||| ||und|| a8176354988 a005.133bZ632 aZhang, Tony 0aTeach yourself C in 24 hours aNew Delhi bTechmedia c2000 axvi, 527 p.